Irish job words - Statistics

General Stats
  • This quiz has been taken 30 times
  • The average score is 5 of 33
Answer Stats
Hint Answer % Correct
actor aisteoir
55%
teacher múinteoir
55%
musician ceoltóir
45%
worker oibrí
45%
thief gadaí
36%
author údar
36%
judge breitheamh
27%
secretary rúnaí
27%
priest sagart
27%
copywriter cóipscríbhneoir
18%
bishop easpag
18%
businessman fear gnó
18%
shopkeeper siopadóir
18%
singer amhránaí
9%
accountant cuntasóir
9%
clergyman eaglaiseach
9%
astronaut spásaire
9%
nun bean rialta
0%
broadcaster craoltóir
0%
philosopher fealsamh
0%
pirate foghlaí mara
0%
student mac léinn
0%
sailor mairnéalach
0%
reporter nuachtánaí
0%
professor ollamh
0%
soldier saighdiúir
0%
scholar scólaire
0%
carpenter siúinéir
0%
tailor táilliúir
0%
driver tiománaí
0%
truck driver tiománaí leoraí
0%
taxi driver tiománaí tacsaí
0%
thatcher tuíodóir
0%
No matching quizzes found
Score Distribution
Percent of People with Each Score
Percentile by Number Answered
Your Score History
You have not taken this quiz